000 00626nam a2200229Ia 4500
003 OSt
005 20220928115353.0
006 a|||||r|||| 00| 0
007 ta
008 220927b |||||||| |||| 00| 0 eng d
024 _a50772
037 _cTextual
040 _aSDCL
_cSDCL
_beng
041 _2eng
_aeng
082 _aV73:192,(zB)'N7, L0
100 _aJauhri R C
_9444023
245 0 _aAmerican diplomacy and independence for India
260 _aBombay
_bVora Publishers
_c1970
300 _axi,160p
_ccm.
942 _hV73:192,(zB)'N7, L0
_cTEXL
_2CC
999 _c759156
_d759156